000 00540nam a2200205Ia 4500
005 20250326142251.0
008 250326s9999 xx 000 0 und d
020 _a0-13-805466-5
037 _aTextbook
040 _aFMSL
_beng
_cFMSL
041 _aeng
_2eng
084 _aX:512 M8
_qFMSL
100 _aAlessandra T
_9745844
245 0 _aSelling by objectives
_cAlessandra T
250 _a2nd
260 _aNew
_bNew, Jersy Prentice Hall
_c1988
300 _a360p
942 _cTB
_hX:512 M8
999 _c1294215
_d1294215